Publication of land use classification statistics (Record no. 73170)
[ view plain ]
| 000 -LEADER | |
|---|---|
| fixed length control field | 01140cam a2200193 4500 |
| 001 - CONTROL NUMBER | |
| control field | WB3930-18 |
| 008 - FIXED-LENGTH DATA ELEMENTS--GENERAL INFORMATION | |
| fixed length control field | 030805n2003 000 0 eng u |
| 035 ## - SYSTEM CONTROL NUMBER | |
| System control number | (Sirsi) u123201 |
| 245 ## - TITLE STATEMENT | |
| Title | Publication of land use classification statistics |
| 260 ## - PUBLICATION, DISTRIBUTION, ETC. | |
| Date of publication, distribution, etc. | 2003 |
| 490 ## - SERIES STATEMENT | |
| Series statement | ODPM News Release |
| Volume/sequential designation | (159) 31 July 2003 (2) |
| 520 ## - SUMMARY, ETC. | |
| Summary, etc. | Experimental statistics for land use have been published for the Government Office Regions of London and the South East and five local authorities in Essex to support quality of life urban initiatives such as the Thames Gateway. The generalised land use classification categorises land features into nine themes and this provides the framework for the analysis of land use in four geographical/administrative areas. Feedback from users is welcomed. Further information at www.odpm.gov.uk/stellent/groups/odpm_planning/documents/page/odpm_plan_023322.hcsp. www.odpm.gov.uk/pns/DisplayPN.cgi?pn_id=2003_0159 |
| 590 ## - LOCAL NOTE (RLIN) | |
| Local note | WB |
| 650 ## - SUBJECT ADDED ENTRY--TOPICAL TERM | |
| Topical term or geographic name entry element | THAMES GATEWAY |
| 650 ## - SUBJECT ADDED ENTRY--TOPICAL TERM | |
| Topical term or geographic name entry element | CLASSIFICATION |
| 650 ## - SUBJECT ADDED ENTRY--TOPICAL TERM | |
| Topical term or geographic name entry element | LAND USE STATISTICS |
| 690 ## - LOCAL SUBJECT ADDED ENTRY--TOPICAL TERM (OCLC, RLIN) | |
| Topical term or geographic name as entry element | ENVIRONMENTAL AND LAND CONSULTANCY-PLANNING AND DEVELOPMENT |
| 942 ## - ADDED ENTRY ELEMENTS (KOHA) | |
| Suppress in OPAC | 0 |
| Withdrawn status | Lost status | Source of classification or shelving scheme | Damaged status | Not for loan | Home library | Current library | Shelving location | Date acquired | Total Checkouts | Full call number | Barcode | Date last seen | Copy number | Price effective from | Koha item type |
|---|---|---|---|---|---|---|---|---|---|---|---|---|---|---|---|
| Dewey Decimal Classification | London | London | News article | 08/08/2003 | WB3930-18 | 123201-1001 | 06/08/2019 | 1 | 06/08/2019 | News article |